000 00774nam a22001817a 4500
999 _c59977
_d59977
003 Ge_BSU
005 20230525160446.0
008 230525s1984ge xxu||||| |||| 00| 0 geo d
041 _ageo
080 _a2-264(3)(038) კ-49
100 _aკიკნაძე, ზურაბ, ავტორი.
_918231
245 _aშუამდინარული მითოლოგიის ლექსიკონი /
_cზურაბ კიკნაძე.
264 _aთბილისი :
_bმეცნიერება,
_c 1984.
300 _a60 გვ. ;
_b21 სმ.
504 _aბიბლიოგრ.: გვ. 59-60.
653 _aშუამდინარული მითოლოგია -- ლექსიკონები.
942 _2udc
_cBK